Wszystkie miasta w Polsce na mapie - Statystyki

Ogólne statystyki
  • Ten quiz został rozwiązany 212 788 razy
    21 167 od ostatniego zresetowania
  • Średni wynik to 143 z 1026
Odpowiedzi na mapie
Odpowiedzi zakodowano w zielono-czerwonej skali na mapie do tego quizu, zgodnie z poniższymi procentami.
 
Statystyki odpowiedzi
Województwo Miasto % Poprawnych
Mazowieckie Warszawa
86%
Pomorskie Gdańsk
83%
Małopolskie Kraków
81%
Pomorskie Gdynia
79%
Wielkopolskie Poznań
76%
Dolnośląskie Wrocław
76%
Śląskie Katowice
74%
Zachodniopomorskie Szczecin
74%
Łódzkie Łódź
73%
Lubelskie Lublin
73%
Podlaskie Białystok
71%
Pomorskie Sopot
71%
Kujawsko-pomorskie Toruń
68%
Kujawsko-pomorskie Bydgoszcz
67%
Pomorskie Hel
67%
Małopolskie Zakopane
67%
Warmińsko-mazurskie | Śląskie Olsztyn
64%
Opolskie Opole
64%
Podkarpackie Rzeszów
63%
Lubuskie Zielona Góra
63%
Świętokrzyskie Kielce
62%
Śląskie Częstochowa
60%
Mazowieckie Radom
60%
Wielkopolskie Koło
59%
Lubuskie Gorzów Wielkopolski
55%
Warmińsko-mazurskie Elbląg
54%
Zachodniopomorskie Świnoujście
54%
Zachodniopomorskie Koszalin
53%
Podlaskie Suwałki
53%
Małopolskie Tarnów
52%
Śląskie Gliwice
51%
Śląskie Bielsko-Biała
50%
Dolnośląskie Lubin
50%
Mazowieckie Płock
50%
Śląskie Bytom
48%
Zachodniopomorskie Kołobrzeg
48%
Śląskie Sosnowiec
48%
Warmińsko-mazurskie Ełk
47%
Pomorskie Władysławowo
47%
Dolnośląskie Jelenia Góra
46%
Lubelskie Chełm
45%
Wielkopolskie Piła
45%
Śląskie Zabrze
45%
Wielkopolskie Gniezno
44%
Wielkopolskie Kalisz
44%
Wielkopolskie Konin
44%
Małopolskie Nowy Sącz
44%
Śląskie Chorzów
43%
Pomorskie Malbork
43%
Podkarpackie Przemyśl
43%
Pomorskie Słupsk
43%
Lubelskie Zamość
43%
Opolskie Biała
42%
Mazowieckie Pruszków
42%
Kujawsko-pomorskie Włocławek
42%
Opolskie Brzeg
41%
Kujawsko-pomorskie Inowrocław
41%
Dolnośląskie Legnica
41%
Śląskie Tychy
41%
Dolnośląskie Wałbrzych
41%
Łódzkie Piotrków Trybunalski
40%
Podlaskie Łomża
39%
Świętokrzyskie Sandomierz
39%
Pomorskie Ustka
39%
Śląskie Dąbrowa Górnicza
38%
Kujawsko-pomorskie Grudziądz
38%
Małopolskie Nowy Targ
38%
Podlaskie Augustów
37%
Podkarpackie Krosno
37%
Pomorskie Łeba
37%
Śląskie Rybnik
37%
Małopolskie Wieliczka
37%
Lubelskie Biała Podlaska
36%
Pomorskie Jastarnia
36%
Pomorskie Wejherowo
36%
Dolnośląskie Kłodzko
35%
Wielkopolskie Leszno
35%
Mazowieckie Siedlce
35%
Łódzkie Bełchatów
34%
Dolnośląskie Głogów
34%
Warmińsko-mazurskie Iława
34%
Małopolskie Oświęcim
34%
Zachodniopomorskie Stargard
34%
Dolnośląskie Jawor
33%
Śląskie Ruda Śląska
33%
Pomorskie Tczew
33%
Śląskie Wisła
33%
Śląskie Cieszyn
32%
Podkarpackie Mielec
32%
Zachodniopomorskie Szczecinek
32%
Podkarpackie Tarnobrzeg
32%
Śląskie Żywiec
32%
Zachodniopomorskie Mielno
31%
Pomorskie Puck
31%
Łódzkie Skierniewice
31%
Łódzkie Tomaszów Mazowiecki
31%
Podkarpackie Jarosław
30%
Kujawsko-pomorskie Nowe
30%
Mazowieckie Ostrołęka
30%
Mazowieckie Piaseczno
30%
Podkarpackie Sanok
30%
Podkarpackie Stalowa Wola
30%
Mazowieckie Ciechanów
29%
Opolskie Kędzierzyn-Koźle
29%
Mazowieckie Legionowo
29%
Mazowieckie Mińsk Mazowiecki
29%
Opolskie Nysa
29%
Wielkopolskie Ostrów Wielkopolski
29%
Pomorskie Rumia
29%
Małopolskie Wadowice
29%
Śląskie Żory
29%
Pomorskie Chojnice
28%
Zachodniopomorskie Darłowo
28%
Śląskie Jastrzębie-Zdrój
28%
Pomorskie Lębork
28%
Zachodniopomorskie Międzyzdroje
28%
Łódzkie Pabianice
28%
Łódzkie Radomsko
28%
Pomorskie Reda
28%
Łódzkie Zgierz
28%
Warmińsko-mazurskie Giżycko
27%
Mazowieckie Grodzisk Mazowiecki
27%
Śląskie Jaworzno
27%
Dolnośląskie Karpacz
27%
Pomorskie Krynica Morska
27%
Łódzkie Kutno
27%
Śląskie Mysłowice
27%
Świętokrzyskie Ostrowiec Świętokrzyski
27%
Lubelskie Puławy
27%
Dolnośląskie Zgorzelec
27%
Śląskie Będzin
26%
Małopolskie Bochnia
26%
Podkarpackie Jasło
26%
Łódzkie Łowicz
26%
Warmińsko-mazurskie Mikołajki
26%
Mazowieckie Mława
26%
Warmińsko-mazurskie Mrągowo
26%
Mazowieckie Otwock
26%
Pomorskie Starogard Gdański
26%
Mazowieckie Wołomin
26%
Podkarpackie Dębica
25%
Warmińsko-mazurskie Frombork
25%
Dolnośląskie Góra
25%
Mazowieckie Nowy Dwór Mazowiecki
25%
Zachodniopomorskie Police
25%
Kujawsko-pomorskie Pruszcz
25%
Śląskie Siemianowice Śląskie
25%
Śląskie Tarnowskie Góry
25%
Lubuskie Żary
25%
Dolnośląskie | Łódzkie Bolesławiec
24%
Kujawsko-pomorskie Ciechocinek
24%
Małopolskie Krynica-Zdrój
24%
Mazowieckie Marki
24%
Dolnośląskie Oława
24%
Śląskie Racibórz
24%
Łódzkie Sieradz
24%
Małopolskie Stary Sącz
24%
Dolnośląskie Świdnica
24%
Podkarpackie Ustrzyki Dolne
24%
Mazowieckie Ząbki
24%
Mazowieckie Żyrardów
24%
Pomorskie Bytów
23%
Lubelskie Hrubieszów
23%
Śląskie Janów
23%
Lubelskie Kazimierz Dolny
23%
Wielkopolskie Kostrzyn
23%
Warmińsko-mazurskie Olsztynek
23%
Świętokrzyskie Starachowice
23%
Lubelskie Świdnik
23%
Łódzkie Aleksandrów Łódzki
22%
Małopolskie Andrychów
22%
Warmińsko-mazurskie Gołdap
22%
Podlaskie Hajnówka
22%
Mazowieckie Nowe Miasto
22%
Dolnośląskie | Świętokrzyskie Oleśnica
22%
Warmińsko-mazurskie Ostróda
22%
Pomorskie Pruszcz Gdański
22%
Mazowieckie Pułtusk
22%
Lubuskie Świebodzin
22%
Śląskie Ustroń
22%
Łódzkie Wieluń
22%
Śląskie Zawiercie
22%
Warmińsko-mazurskie Bartoszyce
21%
Dolnośląskie Bogatynia
21%
Kujawsko-pomorskie Chełmno
21%
Opolskie Kluczbork
21%
Pomorskie Kwidzyn
21%
Lubuskie Nowa Sól
21%
Małopolskie Olkusz
21%
Świętokrzyskie Skarżysko-Kamienna
21%
Wielkopolskie Środa Wielkopolska
21%
Śląskie Świętochłowice
21%
Dolnośląskie Szklarska Poręba
21%
Wielkopolskie Turek
21%
Świętokrzyskie Wodzisław
21%
Lubelskie Biłgoraj
20%
Mazowieckie Garwolin
20%
Wielkopolskie Gostyń
20%
Wielkopolskie Jarocin
20%
Małopolskie Limanowa
20%
Małopolskie Myślenice
20%
Małopolskie Niepołomice
20%
Łódzkie Opoczno
20%
Śląskie Piekary Śląskie
20%
Mazowieckie Płońsk
20%
Śląskie Pszczyna
20%
Mazowieckie Sochaczew
20%
Śląskie Szczyrk
20%
Lubelskie Tomaszów Lubelski
20%
Małopolskie Zator
20%
Kujawsko-pomorskie Aleksandrów Kujawski
19%
Podlaskie Bielsk Podlaski
19%
Świętokrzyskie Busko-Zdrój
19%
Małopolskie Chrzanów
19%
Małopolskie Gorlice
19%
Mazowieckie Grójec
19%
Zachodniopomorskie Kamień Pomorski
19%
Pomorskie Kartuzy
19%
Warmińsko-mazurskie Kętrzyn
19%
Świętokrzyskie Końskie
19%
Pomorskie Kościerzyna
19%
Lubelskie Kraśnik
19%
Dolnośląskie Kudowa-Zdrój
19%
Łódzkie Łask
19%
Lubelskie Łęczna
19%
Warmińsko-mazurskie Lidzbark
19%
Śląskie Mikołów
19%
Opolskie Namysłów
19%
Pomorskie Nowy Dwór Gdański
19%
Wielkopolskie Oborniki
19%
Świętokrzyskie Opatów
19%
Warmińsko-mazurskie Pisz
19%
Dolnośląskie Polkowice
19%
Warmińsko-mazurskie Szczytno
19%
Zachodniopomorskie Wałcz
19%
Wielkopolskie Września
19%
Warmińsko-mazurskie Braniewo
18%
Małopolskie Brzesko
18%
Lubelskie Dęblin
18%
Zachodniopomorskie Gryfice
18%
Zachodniopomorskie Gryfino
18%
Świętokrzyskie Jędrzejów
18%
Lubelskie Krasnystaw
18%
Śląskie Lubliniec
18%
Małopolskie Rabka-Zdrój
18%
Wielkopolskie Rawicz
18%
Zachodniopomorskie Sławno
18%
Łódzkie Sulejów
18%
Lubelskie Terespol
18%
Mazowieckie Warka
18%
Śląskie Wodzisław Śląski
18%
Lubuskie Żagań
18%
Dolnośląskie Złotoryja
18%
Wielkopolskie Buk
17%
Śląskie Czechowice-Dziedzice
17%
Lubelskie | Mazowieckie Józefów
17%
Lubuskie Kostrzyn nad Odrą
17%
Podkarpackie Łańcut
17%
Dolnośląskie Lubań
17%
Lubelskie Lubartów
17%
Lubelskie Łuków
17%
Lubuskie Międzyrzecz
17%
Śląskie Myszków
17%
Warmińsko-mazurskie Nidzica
17%
Mazowieckie Ostrów Mazowiecka
17%
Łódzkie Rawa Mazowiecka
17%
Lubuskie Słubice
17%
Opolskie Strzelce Opolskie
17%
Zachodniopomorskie Wolin
17%
Podlaskie Zambrów
17%
Łódzkie Zduńska Wola
17%
Kujawsko-pomorskie Brodnica
16%
Podlaskie Choroszcz
16%
Śląskie Czeladź
16%
Warmińsko-mazurskie Działdowo
16%
Wielkopolskie Grodzisk Wielkopolski
16%
Wielkopolskie Krotoszyn
16%
Podkarpackie Leżajsk
16%
Wielkopolskie Luboń
16%
Małopolskie Miechów
16%
Kujawsko-pomorskie Nakło nad Notecią
16%
Wielkopolskie Nowy Tomyśl
16%
Świętokrzyskie Ożarów
16%
Mazowieckie Radzymin
16%
Podlaskie Sejny
16%
Małopolskie Skawina
16%
Kujawsko-pomorskie Świecie
16%
Małopolskie Szczawnica
16%
Warmińsko-mazurskie Węgorzewo
16%
Mazowieckie Wyszków
16%
Zachodniopomorskie Białogard
15%
Pomorskie Człuchów
15%
Dolnośląskie Dzierżoniów
15%
Zachodniopomorskie Goleniów
15%
Mazowieckie Góra Kalwaria
15%
Mazowieckie Gostynin
15%
Podlaskie Grajewo
15%
Wielkopolskie Kępno
15%
Dolnośląskie Lądek-Zdrój
15%
Łódzkie Łęczyca
15%
Podkarpackie Lesko
15%
Warmińsko-mazurskie Lidzbark Warmiński
15%
Dolnośląskie Milicz
15%
Lubelskie Nałęczów
15%
Warmińsko-mazurskie Olecko
15%
Opolskie Prudnik
15%
Podlaskie Siemiatycze
15%
Podlaskie Sokółka
15%
Wielkopolskie Śrem
15%
Dolnośląskie Środa Śląska
15%
Mazowieckie Sulejówek
15%
Wielkopolskie Swarzędz
15%
Kujawsko-pomorskie Tuchola
15%
Lubelskie Włodawa
15%
Świętokrzyskie Włoszczowa
15%
Wielkopolskie Wronki
15%
Wielkopolskie Złotów
15%
Kujawsko-pomorskie Żnin
15%
Mazowieckie Dobre
14%
Zachodniopomorskie Drawsko Pomorskie
14%
Zachodniopomorskie Dziwnów
14%
Opolskie Głubczyce
14%
Pomorskie Gniew
14%
Lubuskie Gubin
14%
Lubelskie Janów Lubelski
14%
Małopolskie Kalwaria Zebrzydowska
14%
Dolnośląskie Kamienna Góra
14%
Śląskie Knurów
14%
Mazowieckie Konstancin-Jeziorna
14%
Wielkopolskie Kościan
14%
Kujawsko-pomorskie Lipno
14%
Podlaskie Lipsk
14%
Mazowieckie Łomianki
14%
Wielkopolskie Lwówek
14%
Pomorskie Miastko
14%
Podlaskie Mońki
14%
Małopolskie Muszyna
14%
Podkarpackie Nisko
14%
Lubelskie Radzyń Podlaski
14%
Kujawsko-pomorskie Rypin
14%
Świętokrzyskie Sędziszów
14%
Mazowieckie Sierpc
14%
Mazowieckie Sokołów Podlaski
14%
Małopolskie Sucha Beskidzka
14%
Wielkopolskie Szamotuły
14%
Małopolskie Trzebinia
14%
Dolnośląskie Trzebnica
14%
Łódzkie Warta
14%
Wielkopolskie Wolsztyn
14%
Dolnośląskie Ząbkowice Śląskie
14%
Lubelskie Annopol
13%
Śląskie Bieruń
13%
Zachodniopomorskie Cedynia
13%
Wielkopolskie Czarnków
13%
Małopolskie Dąbrowa Tarnowska
13%
Lubuskie Drezdenko
13%
Opolskie Głuchołazy
13%
Dolnośląskie Kąty Wrocławskie
13%
Śląskie Kłobuck
13%
Warmińsko-mazurskie Lubawa
13%
Kujawsko-pomorskie Mogilno
13%
Warmińsko-mazurskie Morąg
13%
Warmińsko-mazurskie Nowe Miasto Lubawskie
13%
Lubelskie Opole Lubelskie
13%
Mazowieckie Piastów
13%
Łódzkie Piątek
13%
Dolnośląskie Polanica-Zdrój
13%
Mazowieckie Przasnysz
13%
Podkarpackie Przeworsk
13%
Lubelskie Ryki
13%
Kujawsko-pomorskie Solec Kujawski
13%
Lubelskie Szczebrzeszyn
13%
Pomorskie Sztum
13%
Mazowieckie Tłuszcz
13%
Wielkopolskie Wągrowiec
13%
Małopolskie Alwernia
12%
Łódzkie Brzeziny
12%
Wielkopolskie Chodzież
12%
Pomorskie Czersk
12%
Dolnośląskie Duszniki-Zdrój
12%
Kujawsko-pomorskie Golub-Dobrzyń
12%
Lubelskie Janów Podlaski
12%
Wielkopolskie Kłodawa
12%
Podkarpackie Kolbuszowa
12%
Podlaskie Kolno
12%
Łódzkie Koluszki
12%
Wielkopolskie Kórnik
12%
Mazowieckie Kozienice
12%
Lubuskie Krosno Odrzańskie
12%
Podkarpackie Lubaczów
12%
Wielkopolskie Międzychód
12%
Zachodniopomorskie Myślibórz
12%
Opolskie Olesno
12%
Mazowieckie Ożarów Mazowiecki
12%
Świętokrzyskie Pacanów
12%
Świętokrzyskie Pińczów
12%
Wielkopolskie Pleszew
12%
Świętokrzyskie Staszów
12%
Łódzkie Uniejów
12%
Mazowieckie Węgrów
12%
Mazowieckie Zielonka
12%
Mazowieckie Białobrzegi
11%
Dolnośląskie Bielawa
11%
Mazowieckie Błonie
11%
Dolnośląskie Brzeg Dolny
11%
Podkarpackie Brzozów
11%
Dolnośląskie Bystrzyca Kłodzka
11%
Kujawsko-pomorskie Chełmża
11%
Zachodniopomorskie Choszczno
11%
Małopolskie Czarny Dunajec
11%
Zachodniopomorskie Dębno
11%
Warmińsko-mazurskie Dobre Miasto
11%
Dolnośląskie Jelcz-Laskowice
11%
Małopolskie Kęty
11%
Łódzkie Konstantynów Łódzki
11%
Kujawsko-pomorskie Kowal
11%
Opolskie Krapkowice
11%
Podlaskie Łapy
11%
Dolnośląskie Lwówek Śląski
11%
Mazowieckie Maków Mazowiecki
11%
Małopolskie Maków Podhalański
11%
Dolnośląskie Nowa Ruda
11%
Dolnośląskie Oborniki Śląskie
11%
Wielkopolskie Ostrzeszów
11%
Łódzkie Pajęczno
11%
Lubelskie Parczew
11%
Śląskie Pilica
11%
Śląskie Radzionków
11%
Podkarpackie Ropczyce
11%
Wielkopolskie Słupca
11%
Dolnośląskie Strzelin
11%
Lubuskie Sulęcin
11%
Dolnośląskie Świeradów-Zdrój
11%
Świętokrzyskie Szydłów
11%
Zachodniopomorskie Trzebiatów
11%
Kujawsko-pomorskie Wąbrzeźno
11%
Małopolskie Wolbrom
11%
Lubuskie Wschowa
11%
Podlaskie Wysokie Mazowieckie
11%
Wielkopolskie Zbąszyń
11%
Dolnośląskie Bardo
10%
Zachodniopomorskie Barlinek
10%
Dolnośląskie Bolków
10%
Świętokrzyskie Chęciny
10%
Pomorskie Czarne
10%
Śląskie Imielin
10%
Świętokrzyskie Kazimierza Wielka
10%
Mazowieckie Kobyłka
10%
Lubelskie Kock
10%
Małopolskie Krzeszowice
10%
Śląskie Lędziny
10%
Małopolskie Libiąż
10%
Mazowieckie Łosice
10%
Dolnośląskie Międzylesie
10%
Mazowieckie Milanówek
10%
Mazowieckie Nowe Miasto nad Pilicą
10%
Zachodniopomorskie Nowogard
10%
Podlaskie Nowogród
10%
Warmińsko-mazurskie Pasłęk
10%
Pomorskie Pelplin
10%
Lubelskie Piaski
10%
Mazowieckie Pilawa
10%
Mazowieckie Pionki
10%
Małopolskie Piwniczna-Zdrój
10%
Małopolskie Proszowice
10%
Zachodniopomorskie Pyrzyce
10%
Kujawsko-pomorskie Radziejów
10%
Podkarpackie Sędziszów Małopolski
10%
Kujawsko-pomorskie Sępólno Krajeńskie
10%
Mazowieckie Serock
10%
Śląskie Skoczów
10%
Dolnośląskie Strzegom
10%
Lubuskie Strzelce Krajeńskie
10%
Zachodniopomorskie Świdwin
10%
Mazowieckie Szydłowiec
10%
Mazowieckie Tarczyn
10%
Wielkopolskie Trzcianka
10%
Opolskie | Łódzkie Ujazd
10%
Świętokrzyskie Wąchock
10%
Łódzkie Wieruszów
10%
Dolnośląskie Wołów
10%
Lubuskie Zbąszynek
10%
Pomorskie Żukowo
10%
Mazowieckie Żuromin
10%
Warmińsko-mazurskie Biskupiec
9%
Śląskie Blachownia
9%
Podkarpackie Boguchwała
9%
Mazowieckie Brwinów
9%
Podlaskie Czarna Białostocka
9%
Śląskie Czerwionka-Leszczyny
9%
Podlaskie Dąbrowa Białostocka
9%
Wielkopolskie | Zachodniopomorskie Dobra
9%
Mazowieckie Iłża
9%
Podkarpackie Iwonicz-Zdrój
9%
Małopolskie Jordanów
9%
Śląskie Koniecpol
9%
Kujawsko-pomorskie Kruszwica
9%
Wielkopolskie Krzyż Wielkopolski
9%
Śląskie Łazy
9%
Zachodniopomorskie Łobez
9%
Śląskie Miasteczko Śląskie
9%
Lubelskie Międzyrzec Podlaski
9%
Wielkopolskie Mosina
9%
Małopolskie Mszana Dolna
9%
Warmińsko-mazurskie Orzysz
9%
Łódzkie Ozorków
9%
Opolskie Paczków
9%
Podkarpackie Pilzno
9%
Łódzkie Poddębice
9%
Opolskie Prószków
9%
Warmińsko-mazurskie Ruciane-Nida
9%
Warmińsko-mazurskie Ryn
9%
Dolnośląskie Stronie Śląskie
9%
Podkarpackie Strzyżów
9%
Lubuskie Sulechów
9%
Podlaskie Supraśl
9%
Dolnośląskie Świebodzice
9%
Śląskie Szczekociny
9%
Dolnośląskie Złoty Stok
9%
Dolnośląskie Żmigród
9%
Mazowieckie Zwoleń
9%
Lubuskie Babimost
8%
Podkarpackie Baranów Sandomierski
8%
Warmińsko-mazurskie Biała Piska
8%
Łódzkie Biała Rawska
8%
Małopolskie Biecz
8%
Zachodniopomorskie Bobolice
8%
Kujawsko-pomorskie Brześć Kujawski
8%
Dolnośląskie Chojnów
8%
Zachodniopomorskie Czaplinek
8%
Podlaskie Drohiczyn
8%
Podkarpackie Dukla
8%
Lubelskie Frampol
8%
Opolskie Głogówek
8%
Podkarpackie Głogów Małopolski
8%
Opolskie Gogolin
8%
Opolskie Gorzów Śląski
8%
Łódzkie Grabów
8%
Małopolskie Grybów
8%
Mazowieckie Halinów
8%
Lubelskie Izbica
8%
Kujawsko-pomorskie Koronowo
8%
Dolnośląskie Kowary
8%
Śląskie Koziegłowy
8%
Śląskie Łaziska Górne
8%
Mazowieckie Lipsko
8%
Dolnośląskie Lubawka
8%
Mazowieckie Mszczonów
8%
Mazowieckie Nasielsk
8%
Śląskie Ogrodzieniec
8%
Wielkopolskie Opalenica
8%
Świętokrzyskie Opatowiec
8%
Warmińsko-mazurskie Orneta
8%
Śląskie Orzesze
8%
Świętokrzyskie Osiek
8%
Opolskie Otmuchów
8%
Świętokrzyskie Połaniec
8%
Zachodniopomorskie Połczyn-Zdrój
8%
Pomorskie Prabuty
8%
Mazowieckie Przysucha
8%
Wielkopolskie Puszczykowo
8%
Śląskie Pyskowice
8%
Śląskie Radlin
8%
Śląskie Rydułtowy
8%
Podkarpackie Rymanów
8%
Lubuskie Rzepin
8%
Łódzkie Rzgów
8%
Śląskie Siewierz
8%
Małopolskie Skała
8%
Lubuskie Sława
8%
Śląskie Sławków
8%
Dolnośląskie Sobótka
8%
Podkarpackie Sokołów Małopolski
8%
Łódzkie Stryków
8%
Dolnośląskie Syców
8%
Podlaskie Tykocin
8%
Wielkopolskie Ujście
8%
Podlaskie Wasilków
8%
Małopolskie Żabno
8%
Podkarpackie Zagórz
8%
Lubelskie Zwierzyniec
8%
Warmińsko-mazurskie Barczewo
7%
Dolnośląskie Bierutów
7%
Dolnośląskie Boguszów-Gorce
7%
Zachodniopomorskie Borne Sulinowo
7%
Małopolskie Brzeszcze
7%
Opolskie Byczyna
7%
Lubuskie Bytom Odrzański
7%
Małopolskie Chełmek
7%
Świętokrzyskie Ćmielów
7%
Pomorskie Czarna Woda
7%
Wielkopolskie Dąbie
7%
Małopolskie Dobczyce
7%
Podkarpackie Dynów
7%
Łódzkie Głowno
7%
Dolnośląskie Gryfów Śląski
7%
Dolnośląskie Jaworzyna Śląska
7%
Zachodniopomorskie Kalisz Pomorski
7%
Dolnośląskie Kamieniec Ząbkowicki
7%
Pomorskie Kobylnica
7%
Małopolskie Koszyce
7%
Śląskie Kuźnia Raciborska
7%
Mazowieckie Łochów
7%
Mazowieckie Mrozy
7%
Wielkopolskie Murowana Goślina
7%
Opolskie Niemodlin
7%
Podkarpackie Nowa Dęba
7%
Małopolskie Nowe Brzesko
7%
Zachodniopomorskie Nowe Warpno
7%
Małopolskie Nowy Wiśnicz
7%
Wielkopolskie Opatówek
7%
Mazowieckie Osieck
7%
Opolskie Ozimek
7%
Kujawsko-pomorskie Piotrków Kujawski
7%
Mazowieckie Podkowa Leśna
7%
Dolnośląskie Radków
7%
Podkarpackie Radymno
7%
Lubelskie Rejowiec
7%
Małopolskie Słomniki
7%
Kujawsko-pomorskie Strzelno
7%
Świętokrzyskie Suchedniów
7%
Warmińsko-mazurskie Susz
7%
Dolnośląskie Szczawno-Zdrój
7%
Małopolskie Szczucin
7%
Warmińsko-mazurskie Tolkmicko
7%
Śląskie Toszek
7%
Małopolskie Tuchów
7%
Łódzkie Tuszyn
7%
Śląskie Żarki
7%
Łódzkie Żarnów
7%
Zachodniopomorskie Złocieniec
7%
Kujawsko-pomorskie Barcin
6%
Zachodniopomorskie Biały Bór
6%
Małopolskie Bobowa
6%
Kujawsko-pomorskie Bobrowniki
6%
Podlaskie Brańsk
6%
Mazowieckie Brok
6%
Pomorskie Brusy
6%
Małopolskie Bukowno
6%
Lubelskie Bychawa
6%
Świętokrzyskie Chmielnik
6%
Zachodniopomorskie Chojna
6%
Podlaskie Ciechanowiec
6%
Małopolskie Ciężkowice
6%
Małopolskie Czchów
6%
Lubuskie Czerwieńsk
6%
Podlaskie Czyżew
6%
Świętokrzyskie Daleszyce
6%
Lubuskie Dobiegniew
6%
Kujawsko-pomorskie Dobrzyń nad Wisłą
6%
Kujawsko-pomorskie Gniewkowo
6%
Lubuskie Iłowa
6%
Łódzkie Inowłódz
6%
Kujawsko-pomorskie Izbica Kujawska
6%
Kujawsko-pomorskie Jabłonowo Pomorskie
6%
Wielkopolskie Jastrowie
6%
Podkarpackie Jedlicze
6%
Dolnośląskie Jedlina-Zdrój
6%
Podlaskie Jedwabne
6%
Lubelskie Józefów nad Wisłą
6%
Śląskie Kalety
6%
Łódzkie Kamieńsk
6%
Mazowieckie Karczew
6%
Opolskie Kietrz
6%
Wielkopolskie Kleczew
6%
Podlaskie Knyszyn
6%
Warmińsko-mazurskie Korsze
6%
Kujawsko-pomorskie Kowalewo Pomorskie
6%
Podlaskie Krynki
6%
Małopolskie Książ Wielki
6%
Lubelskie Kurów
6%
Świętokrzyskie Łagów
6%
Dolnośląskie Leśna
6%
Opolskie Lewin Brzeski
6%
Świętokrzyskie Małogoszcz
6%
Podlaskie Michałowo
6%
Dolnośląskie Międzybórz
6%
Zachodniopomorskie Mirosławiec
6%
Mazowieckie Mordy
6%
Mazowieckie Myszyniec
6%
Pomorskie Nowy Staw
6%
Dolnośląskie Olszyna
6%
Warmińsko-mazurskie Pieniężno
6%
Wielkopolskie Pniewy
6%
Wielkopolskie Pobiedziska
6%
Lubelskie Poniatowa
6%
Śląskie Poręba
6%
Śląskie Pszów
6%
Lubelskie Rejowiec Fabryczny
6%
Warmińsko-mazurskie Reszel
6%
Wielkopolskie Rogoźno
6%
Podkarpackie Rudnik nad Sanem
6%
Dolnośląskie Ścinawa
6%
Warmińsko-mazurskie Sępopol
6%
Zachodniopomorskie Sianów
6%
Dolnośląskie Siechnice
6%
Wielkopolskie Sieraków
6%
Mazowieckie Skaryszew
6%
Pomorskie Skórcz
6%
Mazowieckie Stanisławów
6%
Wielkopolskie Stęszew
6%
Lubelskie Stoczek Łukowski
6%
Podlaskie Suchowola
6%
Małopolskie Świątniki Górne
6%
Kujawsko-pomorskie Szubin
6%
Wielkopolskie Trzemeszno
6%
Śląskie Wilamowice
6%
Mazowieckie Wiskitki
6%
Świętokrzyskie Wiślica
6%
Śląskie Wojkowice
6%
Małopolskie Wojnicz
6%
Wielkopolskie Wysoka
6%
Mazowieckie Wyszogród
6%
Małopolskie Zakliczyn
6%
Świętokrzyskie Zawichost
6%
Łódzkie Żychlin
6%
Opolskie Baborów
5%
Lubelskie Bełżyce
5%
Podkarpackie Bircza
5%
Warmińsko-mazurskie Bisztynek
5%
Łódzkie Błaszki
5%
Podkarpackie Błażowa
5%
Świętokrzyskie Bodzentyn
5%
Wielkopolskie Bojanowo
5%
Łódzkie Bolimów
5%
Wielkopolskie Borek Wielkopolski
5%
Lubuskie Brody
5%
Podkarpackie Brzostek
5%
Wielkopolskie Budzyń
5%
Dolnośląskie Chocianów
5%
Mazowieckie Chorzele
5%
Podkarpackie Cieszanów
5%
Wielkopolskie Czempiń
5%
Mazowieckie Czerwińsk nad Wisłą
5%
Pomorskie Debrzno
5%
Opolskie Dobrodzień
5%
Łódzkie Drzewica
5%
Łódzkie Działoszyn
5%
Pomorskie Dzierzgoń
5%
Mazowieckie Gąbin
5%
Mazowieckie Glinojeck
5%
Dolnośląskie Głuszyca
5%
Podlaskie Goniądz
5%
Lubelskie Goraj
5%
Warmińsko-mazurskie Górowo Iławeckie
5%
Opolskie Grodków
5%
Kujawsko-pomorskie Janikowo
5%
Kujawsko-pomorskie Janowiec Wielkopolski
5%
Lubuskie Jasień
5%
Mazowieckie Jastrząb
5%
Mazowieckie Jedlnia-Letnisko
5%
Warmińsko-mazurskie Jeziorany
5%
Łódzkie Jeżów
5%
Mazowieckie Kałuszyn
5%
Kujawsko-pomorskie Kamień Krajeński
5%
Podkarpackie Kańczuga
5%
Zachodniopomorskie Karlino
5%
Kujawsko-pomorskie Kcynia
5%
Pomorskie Kępice
5%
Podlaskie Kleszczele
5%
Świętokrzyskie Klimontów
5%
Wielkopolskie Kobylin
5%
Lubelskie Końskowola
5%
Wielkopolskie Koźmin Wielkopolski
5%
Lubelskie Krasnobród
5%
Łódzkie Krośniewice
5%
Śląskie Krzepice
5%
Wielkopolskie Książ Wielkopolski
5%
Świętokrzyskie Kunów
5%
Opolskie Leśnica
5%
Dolnośląskie Lubomierz
5%
Lubuskie Lubsko
5%
Łódzkie Lutomiersk
5%
Łódzkie Lututów
5%
Mazowieckie Maciejowice
5%
Mazowieckie Małkinia Górna
5%
Warmińsko-mazurskie Miłomłyn
5%
Wielkopolskie Miłosław
5%
Dolnośląskie Mirsk
5%
Świętokrzyskie Morawica
5%
Podkarpackie Narol
5%
Dolnośląskie Niemcza
5%
Kujawsko-pomorskie Nieszawa
5%
Podkarpackie Nowa Sarzyna
5%
Świętokrzyskie Nowa Słupia
5%
Lubuskie Nowe Miasteczko
5%
Wielkopolskie Nowe Skalmierzyce
5%
Wielkopolskie Odolanów
5%
Lubelskie Ostrów Lubelski
5%
Kujawsko-pomorskie Pakość
5%
Warmińsko-mazurskie Pasym
5%
Dolnośląskie Piechowice
5%
Zachodniopomorskie Płoty
5%
Zachodniopomorskie Polanów
5%
Opolskie Praszka
5%
Dolnośląskie Prochowice
5%
Dolnośląskie Przemków
5%
Mazowieckie Raciąż
5%
Małopolskie Radłów
5%
Podkarpackie Radomyśl Wielki
5%
Kujawsko-pomorskie Radzyń Chełmiński
5%
Podlaskie Rajgród
5%
Zachodniopomorskie Resko
5%
Mazowieckie Różan
5%
Podkarpackie Sieniawa
5%
Pomorskie Skarszewy
5%
Lubuskie Skwierzyna
5%
Wielkopolskie Ślesin
5%
Wielkopolskie Śmigiel
5%
Mazowieckie Solec nad Wisłą
5%
Śląskie Strumień
5%
Małopolskie Sułkowice
5%
Podlaskie Szczuczyn
5%
Dolnośląskie Szczytna
5%
Podlaskie Szepietowo
5%
Lubuskie Szlichtyngowa
5%
Lubuskie Szprotawa
5%
Lubelskie Tarnogród
5%
Dolnośląskie Twardogóra
5%
Podkarpackie Tyczyn
5%
Podkarpackie Ulanów
5%
Lubelskie Urzędów
5%
Dolnośląskie Węgliniec
5%
Kujawsko-pomorskie Więcbork
5%
Warmińsko-mazurskie Wielbark
5%
Wielkopolskie Wieleń
5%
Dolnośląskie Wleń
5%
Podkarpackie Zaklików
5%
Mazowieckie Zakroczym
5%
Dolnośląskie Żarów
5%
Opolskie Zawadzkie
5%
Wielkopolskie Zduny
5%
Opolskie Zdzieszowice
5%
Mazowieckie Żelechów
5%
Łódzkie Zelów
5%
Dolnośląskie Ziębice
5%
Łódzkie Złoczew
5%
Mazowieckie Bieżuń
4%
Opolskie Branice
4%
Mazowieckie Cegłów
4%
Zachodniopomorskie Chociwel
4%
Wielkopolskie Chocz
4%
Kujawsko-pomorskie Chodecz
4%
Lubuskie Cybinka
4%
Zachodniopomorskie Człopa
4%
Wielkopolskie Dolsk
4%
Zachodniopomorskie Drawno
4%
Mazowieckie Drobin
4%
Podkarpackie Dubiecko
4%
Świętokrzyskie Działoszyce
4%
Kujawsko-pomorskie Gąsawa
4%
Mazowieckie Głowaczów
4%
Wielkopolskie Gołańcz
4%
Wielkopolskie Golina
4%
Kujawsko-pomorskie Górzno
4%
Wielkopolskie Grabów nad Prosną
4%
Zachodniopomorskie Ińsko
4%
Mazowieckie Jadów
4%
Podkarpackie Jawornik Polski
4%
Wielkopolskie Kaczory
4%
Lubelskie Kamionka
4%
Lubuskie Kargowa
4%
Łódzkie Kiernozia
4%
Kujawsko-pomorskie Kikół
4%
Warmińsko-mazurskie Kisielice
4%
Wielkopolskie Kłecko
4%
Podkarpackie Kołaczyce
4%
Opolskie Kolonowskie
4%
Opolskie Korfantów
4%
Mazowieckie Kosów Lacki
4%
Wielkopolskie Koźminek
4%
Lubuskie Kożuchów
4%
Wielkopolskie Krajenka
4%
Wielkopolskie Krobia
4%
Śląskie Krzanowice
4%
Kujawsko-pomorskie Łabiszyn
4%
Kujawsko-pomorskie Łasin
4%
Mazowieckie Łaskarzew
4%
Mazowieckie Latowicz
4%
Lubuskie Łęknica
4%
Świętokrzyskie Łopuszno
4%
Kujawsko-pomorskie Lubień Kujawski
4%
Lubelskie Lubycza Królewska
4%
Mazowieckie Magnuszew
4%
Wielkopolskie Margonin
4%
Wielkopolskie Miasteczko Krajeńskie
4%
Wielkopolskie Miejska Górka
4%
Dolnośląskie Miękinia
4%
Dolnośląskie Mieroszów
4%
Wielkopolskie Mikstat
4%
Warmińsko-mazurskie Miłakowo
4%
Warmińsko-mazurskie Młynary
4%
Lubelskie Modliborzyce
4%
Mazowieckie Mogielnica
4%
Kujawsko-pomorskie Mrocza
4%
Wielkopolskie Nekla
4%
Lubuskie Nowogród Bobrzański
4%
Dolnośląskie Nowogrodziec
4%
Świętokrzyskie Nowy Korczyn
4%
Wielkopolskie Okonek
4%
Podkarpackie Oleszyce
4%
Lubuskie Ośno Lubuskie
4%
Lubuskie Otyń
4%
Łódzkie Parzęczew
4%
Dolnośląskie Pieńsk
4%
Dolnośląskie Pieszyce
4%
Dolnośląskie Piława Górna
4%
Podkarpackie Pruchnik
4%
Dolnośląskie Prusice
4%
Podkarpackie Przecław
4%
Łódzkie Przedbórz
4%
Wielkopolskie Pyzdry
4%
Świętokrzyskie Radoszyce
4%
Zachodniopomorskie Recz
4%
Wielkopolskie Rychwał
4%
Wielkopolskie Rydzyna
4%
Małopolskie Ryglice
4%
Mazowieckie Sanniki
4%
Świętokrzyskie Skalbmierz
4%
Kujawsko-pomorskie Skępe
4%
Wielkopolskie Skoki
4%
Wielkopolskie Sompolno
4%
Śląskie Sośnicowice
4%
Świętokrzyskie Stąporków
4%
Podlaskie Stawiski
4%
Świętokrzyskie Stopnica
4%
Podlaskie Suraż
4%
Łódzkie Szadek
4%
Lubuskie Torzym
4%
Lubuskie Trzciel
4%
Zachodniopomorskie Trzcińsko-Zdrój
4%
Zachodniopomorskie Tuczno
4%
Opolskie Tułowice
4%
Lubelskie Turobin
4%
Zachodniopomorskie Tychowo
4%
Lubelskie Wąwolnica
4%
Zachodniopomorskie Węgorzyno
4%
Dolnośląskie Wiązów
4%
Lubuskie Witnica
4%
Łódzkie Wolbórz
4%
Opolskie Wołczyn
4%
Śląskie Woźniki
4%
Wielkopolskie Wyrzysk
4%
Podlaskie Zabłudów
4%
Warmińsko-mazurskie Zalewo
4%
Dolnośląskie Zawidów
4%
Wielkopolskie Żerków
4%
Zachodniopomorskie Barwice
3%
Łódzkie Białaczów
3%
Mazowieckie Bodzanów
3%
Świętokrzyskie Bogoria
3%
Mazowieckie Ciepielów
3%
Lubelskie Czemierniki
3%
Wielkopolskie Czerniejewo
3%
Łódzkie Dąbrowice
3%
Zachodniopomorskie Dobrzany
3%
Wielkopolskie Dobrzyca
3%
Mazowieckie Gielniów
3%
Zachodniopomorskie Golczewo
3%
Zachodniopomorskie Gościno
3%
Świętokrzyskie Gowarczów
3%
Lubuskie Gozdnica
3%
Świętokrzyskie Iwaniska
3%
Wielkopolskie Jaraczewo
3%
Wielkopolskie Jutrosin
3%
Mazowieckie Kazanów
3%
Świętokrzyskie Koprzywnica
3%
Wielkopolskie Krzywiń
3%
Lubelskie Łaszczów
3%
Zachodniopomorskie Lipiany
3%
Wielkopolskie Łobżenica
3%
Lubuskie Lubniewice
3%
Mazowieckie Lubowidz
3%
Kujawsko-pomorskie Lubraniec
3%
Lubuskie Małomice
3%
Zachodniopomorskie Maszewo
3%
Wielkopolskie Mieścisko
3%
Zachodniopomorskie Mieszkowice
3%
Zachodniopomorskie Moryń
3%
Wielkopolskie Obrzycko
3%
Mazowieckie Odrzywół
3%
Wielkopolskie Osieczna
3%
Łódzkie Osjaków
3%
Wielkopolskie Ostroróg
3%
Zachodniopomorskie Pełczyce
3%
Świętokrzyskie Piekoszów
3%
Świętokrzyskie Pierzchnica
3%
Lubelskie Piszczac
3%
Wielkopolskie Pogorzela
3%
Wielkopolskie Poniec
3%
Wielkopolskie Przedecz
3%
Śląskie Przyrów
3%
Mazowieckie Przytyk
3%
Wielkopolskie Rakoniewice
3%
Wielkopolskie Raszków
3%
Łódzkie Rozprza
3%
Wielkopolskie Rychtal
3%
Lubelskie Siedliszcze
3%
Mazowieckie Siennica
3%
Mazowieckie Sienno
3%
Świętokrzyskie Sobków
3%
Mazowieckie Sochocin
3%
Mazowieckie Staroźreby
3%
Wielkopolskie Stawiszyn
3%
Zachodniopomorskie Stepnica
3%
Opolskie Strzeleczki
3%
Zachodniopomorskie Suchań
3%
Wielkopolskie Sulmierzyce
3%
Dolnośląskie Świerzawa
3%
Wielkopolskie Szamocin
3%
Wielkopolskie Tuliszków
3%
Lubelskie Tyszowce
3%
Dolnośląskie Wąsosz
3%
Wielkopolskie Witkowo
3%
Śląskie Włodowice
3%
Dolnośląskie Wojcieszów
3%
Mazowieckie Wyśmierzyce
3%
Wielkopolskie Zagórów
3%
Wielkopolskie Zaniemyśl
3%
Wielkopolskie Wielichowo
2%
Nie znaleziono quizów pasujących do podanych kryteriów
Rozkład punktacji
Procent ludzi z każdym wynikiem
Percentyl według liczby udzielonych odpowiedzi
Twoja historia wyników
Nie rozwiązałeś tego quizu od ostatniego zresetowania